Christian-Muslim co-existence in Eastern Africa : (Record no. 953)

MARC details
000 -LEADER
fixed length control field 00915nam a22002412 4500
001 - CONTROL NUMBER
control field 0000018577
005 - DATE AND TIME OF LATEST TRANSACTION
control field 20151021151127.0
008 - FIXED-LENGTH DATA ELEMENTS--GENERAL INFORMATION
fixed length control field 100211s xx 000 0 eng d
020 ## - INTERNATIONAL STANDARD BOOK NUMBER
International Standard Book Number 9966083316 :
040 ## - CATALOGING SOURCE
Original cataloging agency KABU
Transcribing agency KABU
245 10 - TITLE STATEMENT
Title Christian-Muslim co-existence in Eastern Africa :
Remainder of title papers presented at the Joint Conference of Tangaza College, Nairobi and Randbound University, Nijmegen /
Statement of responsibility, etc. Fritz Stenger, Joseph Wandera & Paul Hannon.
250 ## - EDITION STATEMENT
Edition statement 1st ed.
260 ## - PUBLICATION, DISTRIBUTION, ETC. (IMPRINT)
Place of publication, distribution, etc. Nairobi :
Name of publisher, distributor, etc. Paulines,
Date of publication, distribution, etc. 2008.
300 ## - PHYSICAL DESCRIPTION
Extent 111 p.
650 #0 - SUBJECT ADDED ENTRY--TOPICAL TERM
Topical term or geographic name as entry element Islam
General subdivision Relations
-- Christianity.
-- 0000160563
650 #0 - SUBJECT ADDED ENTRY--TOPICAL TERM
Topical term or geographic name as entry element Religious tolerance
Form subdivision Congresses
Geographic subdivision Africa, Eastern.
-- 0000177887
700 1# - ADDED ENTRY--PERSONAL NAME
Personal name Stenger, Fritz.
-- 0000159595
700 1# - ADDED ENTRY--PERSONAL NAME
Personal name Wandera, Joseph.
-- 0000177888
700 1# - ADDED ENTRY--PERSONAL NAME
Personal name Hannon, Paul.
-- 0000177889
852 1# - LOCATION
-- p305 KES
908 ## - PUT COMMAND PARAMETER (RLIN)
Put command parameter 100211
950 ## - LOCAL HOLDINGS (RLIN)
-- 1
Holdings
Withdrawn status Lost status Source of classification or shelving scheme Not for loan Home library Current library Date acquired Total Checkouts Full call number Barcode Date last seen Price effective from Koha item type
    Library of Congress Classification   Kabarak, Main Campus Kabarak, Main Campus 17/12/2015   BP172 .C47 2008 c. 1 18512 17/12/2015 17/12/2015 Africana Collection
    Library of Congress Classification   Kabarak, Nakuru City Campus Kabarak, Nakuru City Campus 21/10/2015   BP172 .C47 2008 c. 1 24995 21/10/2015 21/10/2015 General Collection
Designed with assistance from East African Informatics Ltd